| 000 | 00380nam a2200097Ia 4500 | ||
|---|---|---|---|
| 008 | 180130s9999 xx 000 0 und d | ||
| 245 |
_cStutz, John _aGoing for a better life |
||
| 260 | _c2013 | ||
| 300 | _aBook title: Innovations in sustainable consumption : new economics, socio-technical transitions and social practices--Acession number C17507; pages 65-86 | ||
| 650 | _aECONOMICS | ||
| 999 |
_c354475 _d354475 |
||